Super-Saturated Flags of The Americas - Statistics

General Stats
  • This quiz has been taken 13 times
  • The average score is 33 of 35
Answer Stats
Picture Answer % Correct
Argentina
100%
Bolivia
100%
Brazil
100%
Canada
100%
Colombia
100%
Cuba
100%
Jamaica
100%
Mexico
100%
Trinidad & Tobago
100%
United States
100%
Venezuela
100%
Antigua and Barbuda
91%
Bahamas
91%
Barbados
91%
Belize
91%
Chile
91%
Costa Rica
91%
Dominica
91%
Dominican Republic
91%
Ecuador
91%
El Salvador
91%
Grenada
91%
Guatemala
91%
Guyana
91%
Haiti
91%
Honduras
91%
Nicaragua
91%
Panama
91%
Paraguay
91%
Peru
91%
St. Kitts and Nevis
91%
Suriname
91%
Uruguay
91%
St. Lucia
82%
St. Vincent and the Grenadines
82%
No matching quizzes found
Score Distribution
Percent of People with Each Score
Percentile by Number Answered
Your Score History
You have not taken this quiz